000
00468nam a2200133Ia 4500
008
100328s9999 xx 000 0 und d
082
_b
54180
100
_a
ऐनापुरे अमृत वासुदेवशास्त्री
245
_a
नित्यापयोगी औषधे
260
_b
उदयम
630
_a
नित्यापयोगी औषधे
730
_a
नित्यापयोगी औषधे
942
_c
BOOK
999
_c
540903
_d
540900